000 00710nam a2200253 i 4500
001 60151
003 ES-MaACL
005 20250809035216.0
007 t|
008 031103s1986 sp ||||1| spa d
020 _a84-340-0243-4
080 _a343(460)"1973"(094.4)
110 1 _aEspaña.
_tCódigo penal, 1973.
_9169219
240 1 0 _aCódigo penal, 1973
245 1 0 _aCódigo penal.
250 _a21ª ed.
260 _aMadrid :
_bBoletín Oficial del Estado,
_c1986.
300 _a417 p. ;
_c17 cm.
490 1 _aTextos legales ;
_v24
650 4 _aDerecho penal-
_zEspaña
_911752
830 1 _aTextos legales ;
_v24
_9178122
852 4 _aES-MaACL
_jL-9572
999 _c60151
_d60151